|
|
|
|
| LEADER |
01890nam a2200529 a 4500 |
| 001 |
nkc20112255734 |
| 003 |
CZ PrNK |
| 005 |
20120504110705.0 |
| 007 |
ta |
| 008 |
111122s2011 xr e d 000 0 cze |
| 015 |
|
|
|a cnb002255734
|
| 020 |
|
|
|a 978-80-87471-18-0
|q (brož.)
|
| 035 |
|
|
|a (OCoLC)773173098
|
| 040 |
|
|
|a BOA001
|b cze
|d ABA001
|
| 041 |
0 |
|
|a cze
|a spa
|
| 072 |
|
7 |
|a 81
|x Lingvistika. Jazyky
|2 Konspekt
|9 11
|
| 080 |
|
|
|a 811.134.2
|2 MRF
|
| 080 |
|
|
|a 811.134.2'271.1
|2 MRF
|
| 080 |
|
|
|a 81'276
|2 MRF
|
| 080 |
|
|
|a 811.162.3
|2 MRF
|
| 080 |
|
|
|a 81'374.8-022.215
|2 MRF
|
| 080 |
|
|
|a (038)81
|2 MRF
|
| 245 |
0 |
0 |
|a ¿Qué pasa? :
|b slovník slangu a hovorové španělštiny /
|c [slovník vytvořil autorský kolektiv pracovníků Lingea]
|
| 246 |
3 |
|
|a ¿Qué pasa? - slovník slangu a hovorové španělštiny
|
| 246 |
3 |
0 |
|a Qué pasa?
|
| 250 |
|
|
|a 1. vyd.
|
| 260 |
|
|
|a V Brně :
|b Lingea,
|c 2011
|
| 300 |
|
|
|a 174 s. ;
|c 17 cm
|
| 650 |
0 |
7 |
|a španělština
|7 ph127867
|2 czenas
|
| 650 |
0 |
7 |
|a hovorová španělština
|7 ph305407
|2 czenas
|
| 650 |
0 |
7 |
|a slang
|7 ph138993
|2 czenas
|
| 650 |
0 |
7 |
|a čeština
|7 ph135292
|2 czenas
|
| 650 |
0 |
9 |
|a Spanish language
|2 eczenas
|
| 650 |
0 |
9 |
|a colloquial Spanish
|2 eczenas
|
| 650 |
0 |
9 |
|a slang
|2 eczenas
|
| 650 |
0 |
9 |
|a Czech language
|2 eczenas
|
| 655 |
|
7 |
|a dvojjazyčné překladové slovníky
|7 fd208746
|2 czenas
|
| 655 |
|
7 |
|a slangové slovníky
|7 fd202911
|2 czenas
|
| 655 |
|
9 |
|a bilingual translation dictionaries
|2 eczenas
|
| 655 |
|
9 |
|a slang dictionaries
|2 eczenas
|
| 710 |
2 |
|
|a Lingea (firma)
|7 ko2003165020
|
| 910 |
2 |
|
|a BOA001
|b 1-1274.507
|
| 990 |
|
|
|a BK
|
| 995 |
|
|
|a 01
|
| 991 |
|
|
|b 201112
|c NOV
|j 81'374 QUÉ
|e n
|
| 996 |
6 |
|
|b 2610495522
|c 1-1274.507
|l MZK
|r Sklad / do 1 hodiny
|n 2
|p p.v.
|w 001216961
|u 000010
|a 1
|e BOA001
|j MZK50
|s P
|
| 996 |
7 |
|
|b 2610495523
|c 1-1274.507
|l MZK
|r Sklad / do 1 hodiny
|n 11
|p p.v.
|w 001216961
|u 000020
|a 1
|e BOA001
|j MZK50
|s A
|